| Tag |
First Indicator |
Second Indicator |
Subfields |
| LEADER |
00000pam a22000004a 4500 |
| 001 |
in00002000430 |
| 005 |
20151031130447.0 |
| 008 |
040625s2004 dcu b i001 0 eng |
| 010 |
|
|
|a 2004053258
|
| 020 |
|
|
|a 0821358499
|
| 035 |
|
|
|a (OCoLC)ocm55940544
|
| 040 |
|
|
|a DLC
|c DLC
|d TXA
|d UtOrBLW
|
| 042 |
|
|
|a pcc
|
| 043 |
|
|
|a f------
|
| 049 |
|
|
|a TXAM
|
| 050 |
0 |
0 |
|a LB2822.75
|b .K45 2004
|
| 082 |
0 |
0 |
|a 371.26/096
|2 22
|
| 100 |
1 |
|
|a Kellaghan, Thomas.
|
| 245 |
1 |
0 |
|a Assessing student learning in Africa /
|c Thomas Kellaghan and Vincent Greaney.
|
| 264 |
|
1 |
|a Washington, D.C. :
|b World Bank,
|c [2004]
|
| 264 |
|
4 |
|c ©2004
|
| 300 |
|
|
|a xiv, 81 pages ;
|c 23 cm.
|
| 336 |
|
|
|a text
|b txt
|2 rdacontent
|
| 337 |
|
|
|a unmediated
|b n
|2 rdamedia
|
| 338 |
|
|
|a volume
|b nc
|2 rdacarrier
|
| 490 |
1 |
|
|a Directions in development
|
| 504 |
|
|
|a Includes bibliographical references (pages 68-76) and index.
|
| 536 |
|
|
|a A gift from the Texas A&M University Class of '74, 2003-2004.
|
| 650 |
|
0 |
|a Educational evaluation
|z Africa
|v Case studies.
|
| 650 |
|
0 |
|a Educational tests and measurements
|z Africa
|v Case studies.
|
| 700 |
1 |
|
|a Greaney, Vincent.
|
| 830 |
|
0 |
|a Directions in development (Washington, D.C.)
|
| 948 |
|
|
|a cataloged
|b h
|c 2004/11/3
|d c
|e dmitchel
|f 9:10:20 am
|
| 994 |
|
|
|a E0
|b TXA
|
| 999 |
|
|
|a MARS
|
| 999 |
f |
f |
|s 0e876a3a-09b3-3e25-8a36-925693a39614
|i 6c430f9b-6698-3239-b57c-4e2f4280eea6
|t 0
|
| 952 |
f |
f |
|p normal
|a Texas A&M University
|b College Station
|c Sterling C. Evans Library
|d Evans: Library Stacks
|t 0
|e LB2822.75 .K45 2004
|h Library of Congress classification
|i unmediated -- volume
|m A14831584848
|
| 998 |
f |
f |
|a LB2822.75 .K45 2004
|t 0
|l Evans: Library Stacks
|